000 00425nam a2200157Ia 4500
008 210716s2002 xx 000 0 und d
020 _a8178810433
041 _aeng
082 _a332.1 MURG
100 _aMurty, G R K.
245 _aForex markets: exchange rate dynamics.
_bExchange rate dynamics.
260 _aIndia
_bICFAI University Press
_c2002
300 _a164,A.10
650 _aFinance
700 _aMurty, G R K.
999 _c202349
_d202349